00000000nam 2200000zi 4500
0019.930527
003CaOODSP
00520250916112013
006m     o  d f      
007cr cn|||||||||
008231120t20232023quc     o    f000 0 fre d
020 |a9780660688978
040 |aCaOODSP|bfre|erda|cCaOODSP
043 |an-cn---
0861 |aTT4-50/8-2023F-PDF
24500|aGuide sur la formation du personnel en matière d’aide aux voyageurs handicapés.
264 1|a[Gatineau, Québec] : |bOffice des transports du Canada = Canadian Transportation Agency, |c2023.
264 4|c©2023
300 |a1 ressource en ligne (23 pages)
336 |atexte|btxt|2rdacontent/fre
337 |ainformatique|bc|2rdamedia/fre
338 |aressource en ligne|bcr|2rdacarrier/fre
500 |aPublié aussi en anglais sous le titre : Personnel training for the assistance of travellers with disabilities: a guide.
520 |a« Le présent guide explique les obligations des fournisseurs de services de transport prévues dans le Règlement sur les transports accessibles aux personnes handicapées (RTAPH), concernant l’élaboration et la mise en Ĺ“uvre de programmes de formation à l’égard des personnes handicapées »--page 3.
650 6|aPersonnes handicapées|xTransport|zCanada.
650 6|aPersonnes handicapées|xServices|zCanada.
650 6|aTravailleurs des transports|xFormation|zCanada.
7102 |aOffice des transports du Canada, |eorganisme de publication.
77508|tPersonnel training for the assistance of travellers with disabilities : |w(CaOODSP)9.930526
7760#|tGuide sur la formation du personnel en matière d'aide aux voyageurs handicapés.|w(CaOODSP)9.954416
795 |tGuides sur les transports accessibles : |w(CaOODSP)9.887668
85640|qPDF|s590 Ko|uhttps://publications.gc.ca/collections/collection_2024/otc-cta/TT4-50-8-2023-fra.pdf
8564 |qHTML|sS.O.|uhttps://otc-cta.gc.ca/fra/publication/guide-sur-formation-personnel-matiere-daide-aux-voyageurs-handicapes